| 000 | 00722nam a2200229 4500 | ||
|---|---|---|---|
| 001 | 127720 | ||
| 003 | ES-MaACL | ||
| 005 | 20230906193054.0 | ||
| 007 | t| | ||
| 008 | 070214s1977 sp r ||||1| spa d | ||
| 100 | 1 |
_aRinehart, Kenneth L. _997275 |
|
| 245 | 1 | 0 |
_aOxidación y reducción de compuestos orgánicos / _cKenneth L. Rinehart ; versión de F. Gómez de las Heras, J. M. Marinas Rubio. |
| 250 | _a1ª. ed. | ||
| 260 |
_aMadrid : _bAlhambra, _c1977. |
||
| 300 |
_aXII, 168 p. : _bil. ; _c20 cm. |
||
| 490 | 1 | _aExedra | |
| 700 | 1 |
_aGómez de las Heras, F. _957906 |
|
| 700 | 1 |
_aMarinas Rubio, J. M. _976831 |
|
| 830 | 0 |
_aExedra _9177436 |
|
| 852 |
_aES-MaACL _jA-6935 _bR.96098 |
||
| 999 |
_c127720 _d127720 |
||